000 00928nam a2200265 i 4500
003 DO-SdBNP
005 20250513100517.0
007 ta
008 250513b1991 dr a|||| |||| 00| 0 spa d
040 _aDO-SdBNP
_bspa
_cBNPHU
_erda
041 _aspa
082 4 _axxx
_bxxx
_222
245 0 0 _aCuentos infantiles del mundo /
_cselección, presentación y notas bibliográficas, H. García Mejía ; ilustraciones, Román Castillo espinosa
264 4 _aSanto Domingo :
_bSusaeta Ediciones,
_c©1991.
300 _a164 páginas :
_bilustraciones ;
_c21 cm.
336 _atexto
_btxt
_2rdacontent
337 _asin mediación
_bn
_2rdamedia
338 _avolumen
_bnc
_2rdacarrier
490 _aColección Biblioteca Susaeta
590 _aInventariado, 2025/BT
700 1 _aGarcía Mejía, H.,
_eselección
_4sel.
_923158
700 1 _aCastillo ESpinosa, Román,
_eilustrador
_4il.
_985165
910 _aBtavárez
942 _2ddc
_cLBS1
999 _c59022
_d59022